Países banhados pelo Oceano Pacífico - Statistics

Estatísticas Gerais
  • Esse quiz foi jogado 58 vezes
  • A pontuação média é 38 de 42
Estatísticas das Respostas
Resposta % Correto
Canadá
100%
Austrália
98%
Estados Unidos
98%
Japão
98%
México
98%
Panamá
98%
China
96%
Coreia do Sul
96%
Chile
94%
Filipinas
94%
Indonésia
94%
Nova Zelândia
94%
Rússia
94%
Colômbia
92%
Costa Rica
92%
Equador
92%
Guatemala
92%
Coreia do Norte
90%
El Salvador
90%
Tailândia
90%
Ilhas Salomão
88%
Malásia
88%
Micronésia
88%
Nicarágua
88%
Papua Nova Guiné
88%
Taiwan
88%
Tuvalu
88%
Vanuatu
88%
Honduras
87%
Ilhas Marshall
87%
Nauru
87%
Peru
87%
Samoa
87%
Vietnã
87%
Fiji
85%
Palau
85%
Kiribati
83%
Camboja
81%
Tonga
81%
Singapura
79%
Brunei
75%
Timor-Leste
75%
Nenhum quiz correspondente encontrado
Distribuição das Pontuações
Porcentagem de Pessoas com Cada Pontuação
Percentil de Números Respondidos
Sua Pontuação Histórica
Você não jogou esse quiz